000 00488nam a22001937a 4500
003 MPLRDC
005 20220104124619.0
008 210129b ||||| |||| 00| 0 eng d
020 _a981-01-3017-1
082 _a859.6 ZGTS v.5
100 _a石玉昆等 原著
245 _a小五义
_c杨为 改写
250 _a初版
260 _a
_b联邦出版社
_c1992
300 _b
490 _a中国通俗小说精选
650 _a儿童通俗小说
942 _cBK
_o859.6 ZGTS v.5
999 _c20749
_d20739